Online Catalogue and eLibrary

Women, the Environment and Sustainable Development: (Record no. 5984)

MARC details
000 -LEADER
fixed length control field 00876cam a2200289 a 4500
001 - CONTROL NUMBER
control field 1595139
005 - DATE AND TIME OF LATEST TRANSACTION
control field 20250219042812.0
008 - FIXED-LENGTH DATA ELEMENTS--GENERAL INFORMATION
fixed length control field 940105s1994 enk b 001 0 eng
020 ## - INTERNATIONAL STANDARD BOOK NUMBER
ISBN 1856491838
020 ## - INTERNATIONAL STANDARD BOOK NUMBER
ISBN 1856491846 (pbk.)
040 ## - CATALOGING SOURCE (பட்டியலாக்க மூலம்)
Original cataloging agency DLC
Transcribing agency DLC
Modifying agency DLC
082 00 - DDC Classification
Class No. 305.4
DDC Edition Number 6893
Item Number - Author Mark BRA
245 00 - TITLE STATEMENT
Title Women, the Environment and Sustainable Development:
Remainder of title Towards a Theoretical Synthesis
260 ## - PUBLICATION, DISTRIBUTION, ETC.
Place of publication, distribution, etc. London;
-- New Jersey
Name of publisher, distributor, etc. Zed Books in association with INSTRAW,
Date of publication, distribution, etc. 1994
300 ## - PHYSICAL DESCRIPTION
Extent (e.g. Volumes, Pages etc.) xiii, 220 p.,
650 #0 - SUBJECT ADDED ENTRY--TOPICAL TERM
Topical term or geographic name entry element Women in Development
650 #0 - SUBJECT ADDED ENTRY--TOPICAL TERM
Topical term or geographic name entry element Women and the Environment
650 #0 - SUBJECT ADDED ENTRY--TOPICAL TERM
Topical term or geographic name entry element Sustainable Development
650 #0 - SUBJECT ADDED ENTRY--TOPICAL TERM
Topical term or geographic name entry element Human Ecology
650 #0 - SUBJECT ADDED ENTRY--TOPICAL TERM
Topical term or geographic name entry element Conservation of Natural Resources
650 #0 - SUBJECT ADDED ENTRY--TOPICAL TERM
Topical term or geographic name entry element Feminist Theory
700 1# - ADDED ENTRY--PERSONAL NAME
Personal name Braidotti, R
Relator term (Role) Editor
700 1# - ADDED ENTRY--PERSONAL NAME
Personal name Charkiewicz, E
Relator term (Role) Editor
700 1# - ADDED ENTRY--PERSONAL NAME
Personal name Hausler, S
Relator term (Role) Editor
700 1# - ADDED ENTRY--PERSONAL NAME
Personal name Wieringa, S
Relator term (Role) Editor
942 ## - Koha item type (Biblio)
Koha item type Books in Stacks (Lending)
Holdings
Lost status Damaged status Collection code Home library Current library Date acquired Full call number Accession Number Item type
    Lending WERC Library WERC Library 02/19/2025 305.4 BRA 6893 Books in Stacks (Lending)

© WERC Library